Responses for Show #5739 - Thursday, July 16, 2009

2009 Kids Week game 4.

Contestants

[<< previous game]

Parker Norton, a 12-year-old from Knoxville, Tennessee

Tayonna Jones, a 12-year-old from Indianapolis, Indiana

Jacob Hambalek, a 12-year-old from Fresno, California

[next game >>]

Jeopardy! Round responses

KIDS RULE!
ANIMATED CREATURES
SPIDERS, MAN!
PORT OF CALL
MIXED BAG
LET'S "CH"AT
    $200 4
England

Jacob
    $200 16
Cinderella

Parker
    $200 21
8

Jacob
    $200 27
Japan

Jacob
    $200 10
Guitar Hero

Parker
    $200 1
chores

Jacob
    $400 5
Tutankhamen

Jacob
    $400 17
Stitch

Tayonna
    $400 22
a pig

Tayonna
    $400 28
(Jacob: What is Dallas?)

Houston

JacobParker
    $400 12
half full

Jacob
    $400 2
charcoal

Parker
    $600 8
Tsar Fyodor

Jacob
    $600 18
Bolt

Tayonna
    $600 23
a black widow

Parker
    $600 29
Baltimore

Jacob
    $600 13
a sports utility vehicle

Parker
    $600 3
churn

Jacob
    $800 9
France

Jacob
    $800 19
Flushed Away

Parker
    $800 24
the tarantula

Jacob
    $500 26
Egypt

Jacob
    $800 14
Tombstone

Triple Stumper
    $800 6
a chisel

Parker
    $1000 11
Spain

Parker
    $1000 20
(Jacob: What is A Bug's Life?)

Happy Feet

JacobTayonna
    $1000 25
arachnophobia

Jacob
    $1000 30
(Alex: You are right, and with that, you go back into the lead with an even $7,000.)
[Parker pumps his fist a few times and smiles.]

Sydney

Parker
    $1000 15
Cinco de Mayo

Parker
    $1000 7
Chile

Jacob

Scores at the first commercial break (after clue 15):

Jacob Tayonna Parker
$4,200 $0 $4,000

Scores at the end of the Jeopardy! Round:

Jacob Tayonna Parker
$6,100 $2,400 $7,000

Double Jeopardy! Round responses

PRESIDENT & ACCOUNTED FOR
KIDS LOVE MUSEUMS
MEASURE IT
BIBLE BASICS
CANDY IS DANDY
PARTS OF SPEECH
(Alex: And you have to give the part of speech that is the underlined word in each clue.)
    $400 21
Bill Clinton

Jacob
    $400 23
Tennessee

Parker
    $400 11
Celsius

Tayonna
    $400 1
Joseph

Tayonna
    $400 6
a Milky Way

Jacob
    $400 16
(Jacob: What is an adjective?)

a noun

JacobTayonna
    $800 22
Lincoln

Jacob
    $800 27
Hawaii

Parker
    $800 12
(Jacob: What is 16?)

12

JacobTayonna
    $800 2
Jonah

Tayonna
    $800 7
Life Savers

Tayonna
    $800 17
a pronoun

Parker
    $1200 24
JFK (John Kennedy)

Jacob
    $1200 28
(Tayonna: What is a donkey?)

an elephant

Tayonna
Triple Stumper
    $1200 13
(Jacob: What is milk?)

calories

JacobParker
    $1200 3
Peter

Jacob
    $1200 8
Hershey's Kisses

Parker
    $1200 18
a conjunction

Jacob
    $1600 25
(Jacob: Who is George Bush?)
(Alex: Which one?)

George W. Bush

Jacob
    $1600 29
Indianapolis

Jacob
    $1600 14
a kilogram

Tayonna
    $1,500 4
(Jacob: Who is Paul?)

Job

Jacob
    $1600 9
brittle

Triple Stumper
    $1600 19
(Tayonna: What is an adjective?)

an adverb

TayonnaParker
    $2000 26
(Alex: Who was the president from Georgia?)

Jimmy Carter

Triple Stumper
    $2000 30
(Jacob: What is your sense of hearing?)

touch

JacobParker
    $600 15
40 inches

Tayonna
    $2000 5
John the Baptist

Jacob
    $2000 10
a Snickers (a Snicker accepted)

Tayonna
    $2000 20
a preposition

Jacob

Scores at the end of the Double Jeopardy! Round:

Jacob Tayonna Parker
$12,600 $7,400 $15,000

[wagering suggestions for these scores]

Final Jeopardy! Round responses

WOMEN AUTHORS
TayonnaWho is J.K. Rowling?
$400
JacobWho is J.K Rowling?
$2,500
ParkerWho is J.K. Rowling?
$7,000
J.K. Rowling

Final scores:

Jacob Tayonna Parker
$15,100 $7,800 $22,000
2nd place: $2,000 + Classroom Jeopardy! for his school 3rd place: $1,000 + Classroom Jeopardy! for her school Winner: $22,000 + Classroom Jeopardy! for his school

Game dynamics:

Coryat scores:

Jacob Tayonna Parker
$14,400 $8,800 $15,000
24 R
(including 1 DD),
7 W
(including 1 DD)
13 R
(including 1 DD),
2 W
18 R,
0 W

Combined Coryat: $38,200

[game clues] [game scores] [suggest correction]

Game tape date: 2009-03-30
The J! Archive is created by fans, for fans. Scraping, republication, monetization, and malicious use prohibited; this site may use cookies and collect identifying information. See terms. The Jeopardy! game show and all elements thereof, including but not limited to copyright and trademark thereto, are the property of Jeopardy Productions, Inc. and are protected under law. This website is not affiliated with, sponsored by, or operated by Jeopardy Productions, Inc. Join the discussion at JBoard.tv.